PHYSICS: FOR 1 ST SEMESTER FOR CIVIL BRANCH (Record no. 8823)

MARC details
000 -LEADER
fixed length control field 00297nam a22001217a 4500
005 - DATE AND TIME OF LATEST TRANSACTION
control field 20250911124521.0
008 - FIXED-LENGTH DATA ELEMENTS--GENERAL INFORMATION
fixed length control field 250911b |||||||| |||| 00| 0 eng d
041 ## - LANGUAGE CODE
Language code of text/sound track or separate title eng
245 ## - TITLE STATEMENT
Title PHYSICS: FOR 1 ST SEMESTER FOR CIVIL BRANCH
260 ## - PUBLICATION, DISTRIBUTION, ETC. (IMPRINT)
Place of publication PATNA
Name of publisher ADITYA PRAKASHAN
300 ## - PHYSICAL DESCRIPTION
Number of Pages 111;P
942 ## - ADDED ENTRY ELEMENTS (KOHA)
Koha item type Books
Holdings
Lost status Damaged status Home library Current library Date acquired Source of acquisition Cost, normal purchase price Accession Number Koha item type
    JRU Library JRU Library 10/09/2025 DONATION 110.00 0077/D Books